000 01044nam a22002417a 4500
003 OSt
005 20250926111532.0
008 250926b |||||||| |||| 00| 0 spa d
020 _a9789589897454
037 _bDonación
040 _aCO-JMCR
_bspa
_cCO-JMCR
_dCO-JMCR
_erda
041 0 _aspa
082 0 4 _223
_a657.072
_bC75d
110 1 _aContaduría General de la Nación.
_eautor.
_936534
245 1 0 _aDoctrina contable pública compilada 2009 /
_cContaduría General de la Nación.
260 _aColombia:
_bContaduría General de la Nación,
_c2009.
300 _a920 páginas :
_c19 cm.
505 _aI. Ámbito de aplicación del régimen de contabilidad pública-- II. Marco conceptual-- III. Catálogo general de cuentas -- IV. Procedimientos contables y de control interno--V. Instructivos contables -- VI. Boletín de deudores morosos
650 2 4 _2JMCR
_aContaduría
_xDoctrina contable
_zColombia
_944348
650 2 4 _2JMCR
_aContabilidad
_zColombia
650 2 4 _2JMCR
_aInstructivos Contables
_zColombia
_944349
942 _2ddc
_cBK
999 _c31089
_d17473